000 00494cam a2200181ua 4500
001 4280
008 111222n ii |||gr||||Z||||||asm
040 _cMAIN
082 _a891.1
100 _aHazarika, Karabi Deka,
_eEditor.,
245 1 1 _aKavitar Madbukari :
_bnirbachita bharatia Kavita /
_ced. by Karabi Deka Hazarika
250 _a1st.
260 _aDibrugarh:
_bKaustubh Prakashan,
_c2008.
300 _a75p:
_c23cm.
653 _aAssamese
653 _aKavitar Madbukari
942 _cBK
999 _c4101
_d4101